000 00232nam a2200097Ia 4500
008 170619s9999 xx 000 0 und d
100 _aRobbins- Stephen P.
245 0 _aOrganizational behavior
260 _bNew Delhi P H I
260 _c2004
546 _aENGLISH
999 _c21977
_d21977